[Event "Bucharest Grand Prix op"]
[Site "Bucharest"]
[Date "2024.03.24"]
[Round "5"]
[White "Costachi, Mihnea"]
[Black "Nedelcu, Teodor Cosmin"]
[Result "1-0"]
[WhiteElo "2470"]
[BlackElo "2306"]
[PlyCount "67"]
[EventDate "2024.03.23"]
[EventType "swiss (rapid)"]
[EventRounds "10"]
[EventCountry "ROU"]
[SourceTitle "CB13_2024"]
[SourceDate "2024.03.27"]
[SourceVersion "1"]
[SourceVersionDate "2024.03.27"]
[SourceQuality "1"]

1. d4 d5 2. c4 e6 3. Nc3 Nf6 4. cxd5 exd5 5. Bg5 c6 6. Qc2 Be7 7. e3 0-0 8. Bd3 h6 9. Bf4 Nbd7 10. h3 Re8 11. Nf3 Nf8 12. 0-0 Bd6 13. Ne5 Qc7 14. Bh2 N6d7 15. f4 f6 16. Ng4 h5 17. Bg6 Re7 18. Bxh5 Nb6 19. Rae1 Nc4 20. e4 f5 21. exf5 Rxe1 22. Rxe1 Bxf4 23. Qf2 Bxh2+ 24. Nxh2 Qd8 25. Qf4 Bd7 26. Ng4 Nh7 27. b3 Nb6 28. Bg6 Nf8 29. Qd6 Qg5 30. Qe7 Qd2 31. Bf7+ Kh8 32. Qh4+ Nh7 33. Bg6 Qxd4+ 34. Kh1 1-0

[Event "Bucharest Grand Prix op"]
[Site "Bucharest"]
[Date "2024.03.24"]
[Round "8"]
[White "Grigore, George Gabriel"]
[Black "Nedelcu, Teodor Cosmin"]
[Result "1/2-1/2"]
[WhiteElo "2423"]
[BlackElo "2306"]
[PlyCount "69"]
[EventDate "2024.03.23"]
[EventType "swiss (rapid)"]
[EventRounds "10"]
[EventCountry "ROU"]
[SourceTitle "CB13_2024"]
[SourceDate "2024.03.27"]
[SourceVersion "1"]
[SourceVersionDate "2024.03.27"]
[SourceQuality "1"]

1. d4 d5 2. c4 e6 3. Nc3 Nf6 4. cxd5 exd5 5. Bg5 c6 6. e3 Bd6 7. Bd3 0-0 8. Qc2 h6 9. Bh4 Re8 10. Nge2 a5 11. h3 Na6 12. a3 Nc7 13. 0-0 Ne6 14. f4 Nf8 15. Rf3 Be7 16. Kh1 Ne4 17. Bxe7 Qxe7 18. Bxe4 dxe4 19. Rff1 f5 20. Rfd1 Be6 21. Na4 Nd7 22. Rac1 Nf6 23. Nc5 Bd5 24. Nc3 b6 25. N5a4 b5 26. Nb6 Rab8 27. Nbxd5 cxd5 28. Ne2 b4 29. a4 Qd7 30. Qc7 Qxa4 31. Ng3 Rbc8 32. Qb7 Rb8 33. Qc7 Rbc8 34. Qb7 Rb8 35. Qc7 1/2-1/2

[Event "ROM-chT Rapid"]
[Site "Sebes"]
[Date "2023.12.02"]
[Round "5.1"]
[White "Lupulescu, Constantin"]
[Black "Nedelcu, Teodor Cosmin"]
[Result "1-0"]
[WhiteElo "2582"]
[BlackElo "2304"]
[PlyCount "123"]
[EventDate "2023.12.02"]
[EventType "team-swiss (rapid)"]
[EventRounds "8"]
[EventCountry "ROU"]
[SourceTitle "CB49_2023"]
[SourceDate "2023.12.06"]
[SourceVersion "1"]
[SourceVersionDate "2023.12.06"]
[SourceQuality "1"]
[WhiteTeam "Bucharest ASE"]
[BlackTeam "Buzau Gloria"]
[WhiteTeamCountry "ROU"]
[BlackTeamCountry "ROU"]

1. e4 c5 2. Nf3 e6 3. g3 Nc6 4. Bg2 Nf6 5. Nc3 d5 6. exd5 exd5 7. d4 Bg4 8. h3 Bxf3 9. Qxf3 Nxd4 10. Qd3 Be7 11. 0-0 0-0 12. Bg5 Nc6 13. Bxf6 Bxf6 14. Nxd5 Nb4 15. Nxf6+ Qxf6 16. Qc4 Rad8 17. Qxc5 a5 18. c3 b6 19. Qb5 Nd3 20. Rad1 Qg6 21. h4 h5 22. Rd2 Rd6 23. Rfd1 Rfd8 24. Qg5 Qe6 25. Qe3 Ne5 26. Rxd6 Rxd6 27. Re1 Nd3 28. Qxe6 Rxe6 29. Rb1 Rf6 30. f4 Rg6 31. Kh2 Re6 32. Bf1 Nf2 33. b4 Ng4+ 34. Kg2 Ne3+ 35. Kf2 Ng4+ 36. Kg2 Ne3+ 37. Kf2 Ng4+ 38. Kg2 Ne3+ 39. Kh3 Rc6 40. bxa5 bxa5 41. Bd3 g6 42. c4 Nxc4 43. Rc1 Ne5 44. Rxc6 Nxc6 45. Kg2 Kg7 46. Kf3 f6 47. Ke4 Kh6 48. a4 Ne7 49. Kd4 g5 50. f5 Nc6+ 51. Kc5 Ne5 52. Be2 Ng4 53. Bxg4 gxh4 54. Bh3 hxg3 55. Kb5 Kg5 56. Kxa5 Kf4 57. Kb4 Kf3 58. a5 g2 59. Bxg2+ Kxg2 60. a6 h4 61. a7 h3 62. a8Q+ 1-0

[Event "Sebes GP op"]
[Site "Sebes"]
[Date "2023.11.05"]
[Round "8"]
[White "Nedelcu, Teodor Cosmin"]
[Black "Tanasie, Cosmin"]
[Result "1/2-1/2"]
[WhiteElo "2303"]
[BlackElo "1978"]
[PlyCount "102"]
[EventDate "2023.11.04"]
[EventType "swiss"]
[EventRounds "10"]
[EventCountry "ROU"]
[SourceTitle "CB46_2023"]
[SourceDate "2023.11.15"]
[SourceVersion "1"]
[SourceVersionDate "2023.11.15"]
[SourceQuality "1"]

1. d4 c5 2. d5 e5 3. c4 d6 4. Nc3 Be7 5. e4 Bg5 6. Bd3 Bxc1 7. Qxc1 Nf6 8. Nge2 Nbd7 9. Nb5 Nf8 10. f4 a6 11. fxe5 axb5 12. exf6 Qxf6 13. cxb5 Ng6 14. Qc3 Qxc3+ 15. Nxc3 Ne5 16. Kd2 Ke7 17. a4 b6 18. b3 Bd7 19. Rhf1 h5 20. Bc2 Rh6 21. Ne2 Rf6 22. Nf4 Bxb5 23. axb5 Rxa1 24. Rxa1 Rxf4 25. Ke3 Rf6 26. h3 Rh6 27. Ra7+ Nd7 28. Bd1 Kd8 29. Be2 Ne5 30. Rb7 Nd7 31. g4 Kc8 32. Ra7 Ne5 33. g5 Rh7 34. h4 g6 35. Bf1 Kb8 36. Re7 Rh8 37. Bh3 Rd8 38. Ke2 Ka8 39. Kd1 Rb8 40. Bd7 Rb7 41. Bc6 Nxc6 42. Rxb7 Kxb7 43. bxc6+ Kc7 44. b4 b5 45. bxc5 dxc5 46. Kd2 b4 47. Kd3 b3 48. Kc3 c4 49. e5 Kb6 50. Kb2 Kc7 51. Ka3 Kb6 1/2-1/2

[Event "EU-ch U18 rapid"]
[Site "Terme Catez"]
[Date "2023.09.28"]
[Round "1"]
[White "Nedelcu, Teodor Cosmin"]
[Black "Markun, Ozbej"]
[Result "1-0"]
[WhiteElo "2140"]
[BlackElo "1839"]
[PlyCount "71"]
[EventDate "2023.09.28"]
[EventType "swiss (rapid)"]
[EventRounds "9"]
[EventCountry "SLO"]
[SourceTitle "EXT 2024"]
[Source "ChessBase"]
[SourceDate "2023.10.10"]
[SourceVersion "1"]
[SourceVersionDate "2023.10.10"]
[SourceQuality "1"]

1. d4 Nf6 2. c4 g6 3. Nc3 Bg7 4. e4 d6 5. Nge2 0-0 6. Ng3 e5 7. d5 c6 8. Be2 cxd5 9. cxd5 Nbd7 10. 0-0 a6 11. Be3 b5 12. Rc1 Nc5 13. b4 Ncd7 14. a4 bxa4 15. Qxa4 Bb7 16. b5 axb5 17. Qb4 Ne8 18. Nxb5 f5 19. exf5 gxf5 20. Nxd6 Nxd6 21. Qxd6 f4 22. Rc7 Bc8 23. Qc6 fxe3 24. fxe3 Rxf1+ 25. Bxf1 Rb8 26. Nf5 Bf8 27. d6 Nb6 28. Qe4 Bd7 29. Qxe5 Qe8 30. Ne7+ Bxe7 31. dxe7 Kf7 32. Rc2 Be6 33. Bb5 Nd7 34. Bxd7 Bxd7 35. Rf2+ Kg8 36. Rf8+ 1-0

[Event "Brasov GP RO"]
[Site "Brasov"]
[Date "2023.07.17"]
[Round "3"]
[White "Tzidkiya, Yeshaayahu"]
[Black "Nedelcu, Teodor Cosmin"]
[Result "1-0"]
[WhiteElo "2437"]
[BlackElo "2187"]
[PlyCount "69"]
[EventDate "2023.07.16"]
[EventType "swiss"]
[EventRounds "9"]
[EventCountry "ROU"]
[SourceTitle "CBM 215 Extra"]
[Source "ChessBase"]
[SourceDate "2023.09.30"]
[SourceVersion "1"]
[SourceVersionDate "2023.09.30"]
[SourceQuality "1"]

1. e4 c5 2. Nf3 e6 3. d4 cxd4 4. Nxd4 Nf6 5. Nc3 Nc6 6. Nxc6 bxc6 7. e5 Nd5 8. Ne4 Qb6 9. a3 f5 10. exf6 Nxf6 11. Bd3 Be7 12. 0-0 0-0 13. Be3 Qxb2 14. Rb1 Qxa3 15. Bd4 Qa5 16. c4 e5 17. Bc3 Qc7 18. f4 exf4 19. Bxf6 Bxf6 20. c5 Bd4+ 21. Kh1 Qe5 22. Nd6 g6 23. Qb3+ Kg7 24. Rbe1 Qg5 25. Re8 f3 26. gxf3 Qf6 27. Rxf8 Qxf8 28. f4 Ba6 29. Bxa6 Rb8 30. Qd3 Rb4 31. f5 Bxc5 32. Qc3+ Rd4 33. f6+ Kh6 34. Qxc5 Rxd6 35. f7 1-0

[Event "Bucharest Grand Prix"]
[Site "Bucharest"]
[Date "2023.04.30"]
[Round "10"]
[White "Ghimpu, Samuel Timotei"]
[Black "Nedelcu, Teodor Cosmin"]
[Result "0-1"]
[WhiteElo "2458"]
[BlackElo "2187"]
[PlyCount "94"]
[EventDate "2023.04.29"]
[EventType "swiss (rapid)"]
[EventRounds "10"]
[EventCountry "ROU"]
[SourceTitle "CBM 213 Extra"]
[Source "ChessBase"]
[SourceDate "2023.05.31"]
[SourceVersion "1"]
[SourceVersionDate "2023.05.31"]
[SourceQuality "1"]

1. d4 d5 2. Nf3 Nf6 3. Bf4 e6 4. e3 c5 5. Nbd2 Nc6 6. c3 cxd4 7. exd4 Bd6 8. Ne5 Qc7 9. Ndf3 Nd7 10. Bb5 f6 11. Nxd7 Bxd7 12. Bxd6 Qxd6 13. 0-0 0-0 14. Re1 Rae8 15. Qd2 a6 16. Bf1 e5 17. dxe5 fxe5 18. Bc4 Be6 19. Ng5 Na5 20. Bf1 Bg4 21. h3 Bh5 22. c4 Qg6 23. Qxd5+ Kh8 24. Rxe5 Rxe5 25. Qxe5 Nc6 26. Qc5 Rf5 27. Qb6 Rxg5 28. Qxb7 h6 29. Kh2 Qd6+ 30. Kh1 Qf6 31. Qxa6 Bg6 32. Rd1 Kh7 33. Qb6 Rf5 34. Rd2 Qg5 35. Rd6 Ne5 36. Bd3 Qc1+ 37. Kh2 Qf4+ 38. Kg1 Nxd3 39. Rxd3 Rf6 40. Qe3 Bxd3 41. Qxd3+ Kh8 42. Qc2 Qd4 43. b3 Qa1+ 44. Kh2 Qe1 45. f3 Qe5+ 46. Kh1 Re6 47. c5 Qg3 0-1

[Event "Bucharest Grand Prix"]
[Site "Bucharest"]
[Date "2023.04.30"]
[Round "8"]
[White "Rakotomaharo, Fy Antenaina"]
[Black "Nedelcu, Teodor Cosmin"]
[Result "1-0"]
[WhiteElo "2454"]
[BlackElo "2187"]
[PlyCount "81"]
[EventDate "2023.04.29"]
[EventType "swiss (rapid)"]
[EventRounds "10"]
[EventCountry "ROU"]
[SourceTitle "CBM 213 Extra"]
[Source "ChessBase"]
[SourceDate "2023.05.31"]
[SourceVersion "1"]
[SourceVersionDate "2023.05.31"]
[SourceQuality "1"]

1. e4 c5 2. Nf3 e6 3. d4 cxd4 4. Nxd4 Nf6 5. Nc3 Nc6 6. Nxc6 bxc6 7. e5 Nd5 8. Ne4 Qa5+ 9. Bd2 Qb6 10. Bd3 Qxb2 11. f4 Qd4 12. Rb1 Ba6 13. Bxa6 Qxe4+ 14. Qe2 Qd4 15. Qf2 Qa4 16. Bd3 Be7 17. 0-0 0-0 18. c4 Nb6 19. f5 exf5 20. Qxf5 g6 21. Qg4 f5 22. exf6 Rxf6 23. Bc3 Rxf1+ 24. Rxf1 Rf8 25. Qd4 Rxf1+ 26. Bxf1 Kf7 27. Qg7+ Ke6 28. Qxh7 Qc2 29. Qg8+ Kd6 30. Qg7 Qf5 31. Bd3 Qe6 32. c5+ Kc7 33. Qe5+ Kd8 34. cxb6 Qxe5 35. Bxe5 axb6 36. Bxg6 d5 37. g3 c5 38. h4 Kd7 39. Bf5+ Kc6 40. h5 c4 41. h6 1-0

[Event "ROM-ch"]
[Site "Sebes"]
[Date "2023.02.25"]
[Round "8"]
[White "Nedelcu, Teodor Cosmin"]
[Black "Miron, Lucian Costin"]
[Result "0-1"]
[WhiteElo "2211"]
[BlackElo "2502"]
[PlyCount "124"]
[EventDate "2023.02.19"]
[EventType "swiss"]
[EventRounds "9"]
[EventCountry "ROU"]
[SourceTitle "CBM 212 Extra"]
[Source "ChessBase"]
[SourceDate "2023.03.31"]
[SourceVersion "1"]
[SourceVersionDate "2023.03.31"]
[SourceQuality "1"]

1. d4 Nf6 2. c4 e6 3. Nc3 Bb4 4. Qc2 d5 5. cxd5 exd5 6. Bf4 c5 7. e3 Nc6 8. dxc5 Qa5 9. Rc1 Qxa2 10. Bb5 Qa5 11. Qa4 Qxa4 12. Bxa4 Ne4 13. Nf3 Nxc5 14. Bb5 a6 15. Be2 Ne6 16. Bg3 d4 17. exd4 Nexd4 18. Nxd4 Nxd4 19. Bc4 Be6 20. Bxe6 Nxe6 21. 0-0 Rd8 22. Ne4 0-0 23. Rc4 a5 24. Be5 Rfe8 25. Nc3 f6 26. Bg3 Rd2 27. Rb1 Nc5 28. h3 Rc2 29. Bc7 Nd3 30. Rd4 Nxb2 31. Nd5 Bc5 32. Rg4 Kf7 33. Bxa5 h5 34. Rf4 Re5 35. Nb4 Rce2 36. Bc7 Re1+ 37. Rxe1 Rxe1+ 38. Kh2 Re7 39. Bb8 Re8 40. Bc7 Re7 41. Bb8 Re8 42. Bc7 Rc8 43. Be5 b5 44. Bxb2 Bd6 45. g3 Bxf4 46. gxf4 Rc4 47. Nd3 Rc2 48. Ba1 Rd2 49. Nb4 Rxf2+ 50. Kg3 Rf1 51. Bc3 Ke6 52. Nc2 Rb1 53. Kh4 Kf7 54. Nb4 Rb3 55. Bd2 Kg6 56. Nc6 Rd3 57. Bb4 Kf5 58. Ne7+ Kxf4 59. Kxh5 Rxh3+ 60. Kg6 Rg3+ 61. Kf7 Ke4 62. Ke6 f5 0-1

[Event "ROM-ch"]
[Site "Sebes"]
[Date "2023.02.20"]
[Round "2"]
[White "Ghimpu, Samuel Timotei"]
[Black "Nedelcu, Teodor Cosmin"]
[Result "1-0"]
[WhiteElo "2455"]
[BlackElo "2211"]
[PlyCount "73"]
[EventDate "2023.02.19"]
[EventType "swiss"]
[EventRounds "9"]
[EventCountry "ROU"]
[SourceTitle "CBM 212 Extra"]
[Source "ChessBase"]
[SourceDate "2023.03.31"]
[SourceVersion "1"]
[SourceVersionDate "2023.03.31"]
[SourceQuality "1"]

1. e4 c5 2. Nf3 e6 3. d4 cxd4 4. Nxd4 Nc6 5. Nc3 Qc7 6. Be3 a6 7. a3 b5 8. Nxc6 Qxc6 9. Qd2 Bb7 10. Bd3 Nf6 11. e5 Ng4 12. Be4 Qc7 13. Bxb7 Qxb7 14. Bf4 f6 15. exf6 Nxf6 16. 0-0 Rc8 17. h3 Bc5 18. Be5 0-0 19. Rad1 d5 20. Qe2 b4 21. axb4 Bxb4 22. Ra1 Rc6 23. Ra4 Bd6 24. Bxd6 Rxd6 25. Ra2 Rc8 26. Rfa1 Rcc6 27. Qd3 Qc8 28. Nb5 Rd7 29. Nd4 Rb6 30. Rxa6 Rdb7 31. b3 Ne4 32. Rxb6 Rxb6 33. Qe3 Rb8 34. f3 Nc5 35. Ra7 Kh8 36. Qe5 Nb7 37. Nxe6 1-0

[Event "Braila GP RO Stage 5"]
[Site "Braila"]
[Date "2022.11.06"]
[Round "6"]
[White "Nedelcu, Teodor Cosmin"]
[Black "Iordachescu, Viorel"]
[Result "0-1"]
[WhiteElo "2211"]
[BlackElo "2584"]
[PlyCount "166"]
[EventDate "2022.11.05"]
[EventType "swiss (rapid)"]
[EventRounds "10"]
[EventCountry "ROU"]
[SourceTitle "EXT 2024"]
[Source "ChessBase"]
[SourceDate "2023.10.10"]
[SourceVersion "1"]
[SourceVersionDate "2023.10.10"]
[SourceQuality "1"]

1. d4 Nf6 2. c4 e6 3. Nc3 Bb4 4. e3 0-0 5. Bd3 d5 6. Nge2 dxc4 7. Bxc4 c5 8. 0-0 Nc6 9. dxc5 Bxc5 10. a3 Qe7 11. b4 Bd6 12. Ng3 Rd8 13. Qe2 a5 14. b5 Ne5 15. Bb3 Nd3 16. Qxd3 Bxg3 17. Qc4 Be5 18. f4 Bxc3 19. Qxc3 a4 20. Bd1 Bd7 21. Rb1 Rac8 22. Qa5 Nd5 23. Bf3 Rc4 24. Qd2 Rdc8 25. Bb2 Bxb5 26. Rfc1 Rxc1+ 27. Rxc1 Rxc1+ 28. Qxc1 Bc6 29. Bxd5 exd5 30. Bd4 f6 31. Qc5 Qe4 32. Qd6 h5 33. h4 Kf7 34. Kh2 Kg6 35. Kg3 Bb5 36. Qb4 Bf1 37. Qd2 Qf5 38. Kf2 Bd3 39. Qb2 Be4 40. Qe2 Qc8 41. Qd1 b5 42. Kg1 Qc4 43. Qd2 Qb3 44. Bc5 Qb1+ 45. Kh2 Qf1 46. Bb4 Kf5 47. Be7 Kg4 48. Qb2 Kf5 49. Qd2 Kg6 50. Bb4 Kf7 51. Kg3 Qh1 52. Qb2 Kg6 53. Qd2 Kf7 54. Qb2 Qd1 55. Qf2 Kg6 56. Kh2 Kf5 57. Be7 Ke6 58. Bf8 Kf7 59. Bb4 Qd3 60. Bc5 Bf5 61. Kg1 Qc3 62. Bb4 Qc1+ 63. Qe1 Qc4 64. Qd2 Be4 65. Kh2 Qf1 66. Bc5 Ke6 67. Bb4 Kf5 68. Qb2 Qd3 69. Qd2 Qf1 70. Qb2 Kg6 71. Qd2 Kf7 72. Bc5 Qb1 73. Bb4 Qb3 74. Qc3 Qc4 75. Kg1 Ke6 76. Qxc4 dxc4 77. Kf2 Kd5 78. g3 Bd3 79. Kf3 Bc2 80. Bc3 Bd1+ 81. Kf2 Ke4 82. Ke1 Kd3 83. Bd4 Bg4 0-1

[Event "Wch U16"]
[Site "Mamaia"]
[Date "2022.09.14"]
[Round "9"]
[White "Fragkos, Vasileios"]
[Black "Nedelcu, Teodor Cosmin"]
[Result "1/2-1/2"]
[WhiteElo "2087"]
[BlackElo "2242"]
[PlyCount "111"]
[EventDate "2022.09.06"]
[EventType "swiss"]
[EventRounds "11"]
[EventCountry "ROU"]
[SourceTitle "CBM 210 Extra"]
[Source "ChessBase"]
[SourceDate "2022.11.30"]
[SourceVersion "1"]
[SourceVersionDate "2022.11.30"]
[SourceQuality "1"]

1. e4 c5 2. b3 b6 3. Bb2 Bb7 4. Nc3 Nc6 5. g3 e5 6. Bg2 g6 7. Nge2 Bg7 8. 0-0 Nf6 9. d3 0-0 10. Nd5 Nxd5 11. exd5 Nd4 12. c4 d6 13. Bxd4 exd4 14. Qd2 Bc8 15. b4 Bf5 16. bxc5 bxc5 17. Rab1 Rb8 18. Rxb8 Qxb8 19. Qc2 Qc7 20. Rb1 Rb8 21. Be4 Bd7 22. Rb3 Rb6 23. Qb2 Rxb3 24. Qxb3 Bh6 25. Kg2 a5 26. f4 a4 27. Qb2 Qa5 28. a3 Qe1 29. Ng1 Qd1 30. Qb7 Bg4 31. Qb2 Qb3 32. Qc1 f5 33. Bf3 Qxd3 34. Qe1 Qe3 35. Qxe3 dxe3 36. h3 Bxf3+ 37. Nxf3 Bg7 38. Ne1 h6 39. Nd3 g5 40. fxg5 hxg5 41. g4 f4 42. Kf3 Bc3 43. Ke2 Kf7 44. Kf3 Ke7 45. Ke2 Kd7 46. Kf3 Kc7 47. Ke2 Kb6 48. Kf3 Ka5 49. Ke2 Kb6 50. Kf3 Kc7 51. Ke2 Kd7 52. Kf3 Ke7 53. Ke2 Kf7 54. Kf3 Kf6 55. Ke2 Kf7 56. Kf3 1/2-1/2

[Event "Wch U16"]
[Site "Mamaia"]
[Date "2022.09.10"]
[Round "5"]
[White "Droin, Augustin"]
[Black "Nedelcu, Teodor Cosmin"]
[Result "1-0"]
[WhiteElo "2408"]
[BlackElo "2242"]
[PlyCount "95"]
[EventDate "2022.09.06"]
[EventType "swiss"]
[EventRounds "11"]
[EventCountry "ROU"]
[SourceTitle "CBM 210 Extra"]
[Source "ChessBase"]
[SourceDate "2022.11.30"]
[SourceVersion "1"]
[SourceVersionDate "2022.11.30"]
[SourceQuality "1"]

1. e4 c5 2. Nf3 Nc6 3. Bb5 e6 4. 0-0 Nge7 5. d4 cxd4 6. Nxd4 Qb6 7. Nxc6 dxc6 8. Bd3 Ng6 9. a4 Be7 10. a5 Qc7 11. f4 0-0 12. g3 Bc5+ 13. Kg2 f5 14. Qh5 Qf7 15. Qe2 e5 16. exf5 Ne7 17. g4 exf4 18. Nc3 g5 19. Ne4 Nxf5 20. gxf5 Qxf5 21. Qh5 f3+ 22. Rxf3 Qxf3+ 23. Qxf3 Rxf3 24. Kxf3 g4+ 25. Kg3 Bd4 26. Bc4+ Kg7 27. c3 Be5+ 28. Bf4 Bxf4+ 29. Kxf4 Bd7 30. Nc5 Rf8+ 31. Ke5 Bc8 32. Be6 Re8 33. Kf5 b6 34. Bxc8 bxc5 35. Bd7 Re2 36. b4 cxb4 37. cxb4 h5 38. Bxc6 Rxh2 39. b5 Rc2 40. a6 Rc5+ 41. Kf4 Kf6 42. Rb1 Rc4+ 43. Be4 Ra4 44. b6 axb6 45. Rxb6+ Ke7 46. Rb7+ Kd6 47. a7 h4 48. Rh7 1-0

[Event "ROM-ch U16"]
[Site "Eforie Nord"]
[Date "2022.04.16"]
[Round "7"]
[White "Tampea, Radu"]
[Black "Nedelcu, Teodor Cosmin"]
[Result "1-0"]
[WhiteElo "1972"]
[BlackElo "2195"]
[PlyCount "101"]
[EventDate "2022.04.11"]
[EventType "swiss"]
[EventRounds "9"]
[EventCountry "ROU"]
[SourceTitle "EXT 2023"]
[Source "ChessBase"]
[SourceDate "2022.10.05"]
[SourceVersion "1"]
[SourceVersionDate "2022.10.05"]
[SourceQuality "1"]

1. e4 c5 2. Nc3 e6 3. d4 cxd4 4. Qxd4 Nc6 5. Qe3 Nf6 6. Nf3 Bb4 7. Bd2 d5 8. exd5 Nxd5 9. Nxd5 Qxd5 10. Bd3 Bxd2+ 11. Qxd2 Ne5 12. 0-0-0 Nxf3 13. Bb5+ Bd7 14. Bxd7+ Kd8 15. gxf3 Qxd2+ 16. Rxd2 Ke7 17. Rhd1 a6 18. Ba4 b5 19. Bb3 Ra7 20. a4 Rc8 21. Rd4 Rc5 22. Rg4 g6 23. Rh4 h5 24. Rhd4 Rac7 25. c3 Re5 26. Kd2 Rb7 27. Rb4 Rd7+ 28. Rd4 Rb7 29. a5 Rc7 30. f4 Rec5 31. Ke3 Rb7 32. Ba2 g5 33. fxg5 Re5+ 34. Re4 Rxg5 35. h4 Rc5 36. Rd5 Rxd5 37. Bxd5 Rd7 38. Bb3 Rd6 39. Re5 f5 40. Kf4 Rd2 41. Rxe6+ Kd7 42. Rxa6 Rxf2+ 43. Kg5 Rxb2 44. Be6+ Kc7 45. Bxf5 Ra2 46. Bd3 Rd2 47. Be4 Re2 48. Kf4 Rh2 49. Ke5 Rxh4 50. Ra7+ Kc8 51. Rh7 1-0

[Event "ROM-ch Rapid"]
[Site "Bucharest"]
[Date "2022.03.12"]
[Round "7"]
[White "Nedelcu, Teodor Cosmin"]
[Black "Georgescu, Tiberiu Marian"]
[Result "1-0"]
[WhiteElo "2195"]
[BlackElo "2467"]
[PlyCount "91"]
[EventDate "2022.03.11"]
[EventType "swiss (rapid)"]
[EventRounds "9"]
[EventCountry "ROU"]
[SourceTitle "CBM 207 Extra"]
[Source "ChessBase"]
[SourceDate "2022.05.31"]
[SourceVersion "1"]
[SourceVersionDate "2022.05.31"]
[SourceQuality "1"]

1. d4 d5 2. c4 e6 3. Nc3 Nf6 4. Bg5 Nbd7 5. e3 h6 6. Bh4 Be7 7. cxd5 exd5 8. Bd3 c6 9. Nge2 Nb6 10. 0-0 Nh5 11. Bxe7 Qxe7 12. Qd2 0-0 13. f3 Qg5 14. Rad1 f5 15. b3 Bd7 16. Rfe1 Rae8 17. Nf4 Nxf4 18. exf4 Qf6 19. Bc2 Nc8 20. Na4 b6 21. Nb2 Nd6 22. Qf2 Rxe1+ 23. Rxe1 Re8 24. Rxe8+ Bxe8 25. Nd3 Qe6 26. Ne5 Nf7 27. Qe3 Nxe5 28. fxe5 g5 29. Qd3 Bg6 30. g4 Be8 31. gxf5 Qe7 32. Kf2 c5 33. f6 Qf7 34. dxc5 bxc5 35. Qf5 Bd7 36. Qg6+ Qxg6 37. Bxg6 Be6 38. Ke3 a5 39. f4 d4+ 40. Ke4 gxf4 41. Kxf4 a4 42. bxa4 Bxa2 43. a5 c4 44. a6 c3 45. a7 Bd5 46. Be4 1-0

[Event "ROM-ch Rapid"]
[Site "Bucharest"]
[Date "2022.03.12"]
[Round "6"]
[White "Nevednichy, Vladislav"]
[Black "Nedelcu, Teodor Cosmin"]
[Result "1-0"]
[WhiteElo "2498"]
[BlackElo "2195"]
[PlyCount "109"]
[EventDate "2022.03.11"]
[EventType "swiss (rapid)"]
[EventRounds "9"]
[EventCountry "ROU"]
[SourceTitle "CBM 207 Extra"]
[Source "ChessBase"]
[SourceDate "2022.05.31"]
[SourceVersion "1"]
[SourceVersionDate "2022.05.31"]
[SourceQuality "1"]

1. e4 c5 2. Nf3 e6 3. d4 cxd4 4. Nxd4 Nf6 5. Nc3 Nc6 6. a3 Be7 7. Nxc6 bxc6 8. e5 Nd5 9. Ne4 Qc7 10. f4 f5 11. exf6 Nxf6 12. Bd3 Ba6 13. Nf2 Bc5 14. c4 d5 15. cxd5 Bxd3 16. Nxd3 cxd5 17. Qa4+ Nd7 18. Nxc5 Qxc5 19. Bd2 Rd8 20. Rc1 Qb6 21. Qb4 Qa6 22. Rf1 Kf7 23. Rc7 Rhe8 24. Bc3 Kg8 25. Qb7 Qa4 26. Qxa7 Qe4+ 27. Kf2 Rf8 28. Kg1 Rf7 29. Qd4 Nf6 30. Rxf7 Kxf7 31. Re1 Qxd4+ 32. Bxd4 Rc8 33. Rd1 Ne4 34. a4 Rc4 35. b3 Rc2 36. a5 Nd6 37. Ra1 Nb5 38. Bb6 d4 39. a6 d3 40. Rd1 d2 41. Be3 Rc1 42. Rxc1 dxc1Q+ 43. Bxc1 Ke7 44. Be3 Nc7 45. a7 Kd6 46. Kf2 Kc6 47. Kf3 Kb7 48. Ke4 Nd5 49. Bd4 g6 50. Ke5 Ka8 51. g3 Nc7 52. Bg1 Kb7 53. Kd6 Kc8 54. Bb6 Na8 55. Ba5 1-0